Applications in basic marketing : clippings from the popular business press

Αποθηκεύτηκε σε:
Λεπτομέρειες βιβλιογραφικής εγγραφής
Κύριος συγγραφέας: McCarthy, E. Jerome (Edmund Jerome)
Άλλοι συγγραφείς: Perreault, William D.
Μορφή: Βιβλίο
Γλώσσα:Greek
Δημοσίευση: Homewood, Boston : Irwin, 1993
Θέματα:
Ετικέτες: Προσθήκη ετικέτας
Δεν υπάρχουν, Καταχωρήστε ετικέτα πρώτοι!

MARC

LEADER 00000nam a2200000 i 4500
001 1/37463
008 960926s1993 gre d
020 |a 0-256-13942-3 
035 |l 10024681 
040 |a GR-MY-UA  |b gre  |e aacr 
041 0 |a gre 
082 0 |a 658.8 
100 1 |a McCarthy, E. Jerome   |q (Edmund Jerome) 
245 1 0 |a Applications in basic marketing :  |b clippings from the popular business press /  |c E.Jerome McCarthy, William D.Perreault 
260 |a Homewood, Boston :   |b Irwin,   |c 1993 
300 |a 238 σ. 
650 0 0 |a Marketing. 
700 1 |a Perreault, William D. 
852 |a INST  |b CHIOS  |e 19960926  |h 658.8 MCC  |p 005200011559  |q 005200011559  |t BK  |y 0 
909 |a Χ  |b 040415